|
|
|
|
| LEADER |
00620cam a2200217ua 4500 |
| 008 |
061207t1997||||||||||| 00 ||eng c |
| 020 |
|
|
|a 1859411002
|
| 041 |
0 |
|
|a eng
|
| 082 |
|
|
|a 345
|b HUN/S
|
| 100 |
|
|
|a Hungerford- Welch,, Peter
|
| 245 |
1 |
0 |
|a Sourcebook on criminal law /
|
| 250 |
|
|
|a 1
|
| 260 |
|
|
|a London:
|b Cavendish,
|c 1997.
|
| 300 |
|
|
|a xlii,795p..
|
| 362 |
1 |
|
|a 1997.
|
| 365 |
|
|
|e PB
|
| 650 |
0 |
|
|a Criminal law
|
| 700 |
0 |
2 |
|a Taylor,, Alan
|
| 942 |
|
|
|c BK
|
| 999 |
|
|
|c 13567
|d 13567
|
| 952 |
|
|
|0 0
|1 0
|4 0
|6 345_000000000000000_HUN
|7 0
|9 14152
|a KUCL
|b KUCL
|d 2014-05-23
|l 1
|o 345 HUN/
|p 10453
|r 2015-12-11
|s 2015-11-09
|w 2014-05-23
|y BK
|